La cueva del Penicial (Asturias) / (Record no. 104625)

MARC details
000 -LEADER
campo de control de longitud fija 00988nam a2200217 i 4500
001 - NÚMERO DE CONTROL
campo de control 104625
003 - IDENTIFICADOR DE NÚMERO DE CONTROL
campo de control ES-MaACL
005 - FECHA Y HORA DE LA ÚLTIMA TRANSACCIÓN
campo de control 20230906183642.0
007 - CAMPO FIJO DE DESCRIPCIÓN FÍSICA--INFORMACIÓN GENERAL
campo de control de longitud fija t|
008 - DATOS DE LONGITUD FIJA--INFORMACIÓN GENERAL
campo de control de longitud fija 180530s1914 sp ||||1| spa d
100 1# - ENTRADA PRINCIPAL--NOMBRE DE PERSONA
Nombre de persona Vega del Sella, Ricardo
Títulos y otros términos asociados al nombre Duque de Estrada y Martínez de Morentín, Conde de la Vega del Sella.
9 (RLIN) 164836
245 13 - MENCIÓN DEL TÍTULO
Título La cueva del Penicial (Asturias) /
Mención de responsabilidad, etc. por el Conde de la Vega del Sella.
260 ## - PUBLICACIÓN, DISTRIBUCIÓN, ETC.
Lugar de publicación, distribución, etc. Madrid :
Nombre del editor, distribuidor, etc. Museo de Ciencias Naturales,
Fecha de publicación, distribución, etc. 1914.
300 ## - DESCRIPCIÓN FÍSICA
Extensión 17 p., III lám. :
Otras características físicas il. ;
Dimensiones 27 cm.
490 1# - MENCIÓN DE SERIE
Mención de serie Trabajos de la Comisión de Investigaciones Paleontológicas y Prehistóricas ;
Designación de volumen o secuencia 4
594 ## - Nota al título y mención de responsabilidad
Nota al título y mención de responsabilidad Precede al tít.: Junta para Ampliación de Estudios e Investigaciones Científicas, Instituto Ciencias Físico-Naturales.
651 #4 - PUNTO DE ACCESO ADICIONAL DE MATERIA--NOMBRE GEOGRÁFICO
Nombre geográfico Cueva del Penicial (Asturias)
9 (RLIN) 164839
830 0# - PUNTO DE ACCESO ADICIONAL DE SERIE-TÍTULO UNIFORME
Título uniforme Trabajos de la Comisión de Investigaciones Paleontológicas y Prehistóricas ;
Designación de volumen o secuencia 4
9 (RLIN) 184854
852 ## - LOCALIZACIÓN
Ubicación ES-MaACL
Número de control de estantería B-12999(3)
Holdings
Estatus retirado Estado de pérdida Estado de daño No para préstamo Biblioteca de origen Biblioteca actual Ubicación en estantería Fecha de adquisición Fuente de adquisición Total de préstamos Signatura topográfica completa Código de barras Visto por última vez Precio de reemplazo Tipo de ítem Koha
        Biblioteca del Ateneo de Madrid Biblioteca del Ateneo de Madrid Sala Pardo Bazán 30/05/2018     B-12999(3) 1198908 23/02/2023 23/02/2023 Libro impreso